01499 2200325 4500001002100000005001500021035002000036007000300056008004100059020001800100082001400118084002100132100002600153245006800179250002000247300004200267700003400309520061100343600002000954264002900974336002101003337003001024338002301054990001601077990001601093990001601109990001601125990001601141990001601157INLIS00000000000021420260428112704 a0010-0426000213ta260428 b 1 ind  a9786238728091 a899.221 3 a899.221 3 ALI s0 aAlim SudioePengarang1 aSekutu kebun binatang /cAlim Sudio;, Editor, Putri Nurnitasari aCetakan Pertama a68 halaman :bIlustrasi ;c18 x 15 cm0 aPutri NurnitasariePenyunting aDi sebuah kebun binatang yang lebih mirip penjara, Mang Siamang menjadi saksi penderitaan para binatang yang diabaikan. Kehidupan yang penuh kesengsaraan ini melahirkan tekad Mang untuk memimpin pelarian. Dibantu Leo si beo, informan cerdas, dan sekutunya yang lain, Mang menyusun rencana besar untuk keluar dari "alam terkurung". Namun, pelarian ini bukan tanpa risiko. Dalam upaya melawan Pak Galang, penjaga yang kejam, para binatang harus bekerja sama mengatasi rintangan. Perjalanan penuh ketegangan ini mempersatukan mereka dalam perjuangan untuk mendapatkan kembali kehidupan layak di alam bebas. 4aFiksi indonesia aJakarta :bFalcon,c2024 2rdacontentaTeks 2rdamediaaTanpa Perantara 2rdacarrieraVolume aRC000756/25 aAT000370/25 aPT000603/25 aPP000886/25 aTT001574/25 aAP003793/24